[Event "Titled Tuesday intern op 16th Apr Early"]
[Site "Chess.com INT"]
[Date "2024.04.16"]
[Round "2"]
[White "Al Tarbosh, Ward"]
[Black "Kadric, Denis"]
[Result "1/2-1/2"]
[WhiteElo "2262"]
[BlackElo "2558"]
[PlyCount "142"]
[EventDate "2024.04.16"]
[EventType "swiss (blitz)"]
[EventRounds "11"]
[EventCountry "USA"]
[SourceTitle "CB17_2024"]
[SourceDate "2024.04.24"]
[SourceVersion "1"]
[SourceVersionDate "2024.04.24"]
[SourceQuality "1"]

1. e4 d6 2. d4 Nf6 3. Nc3 Nbd7 4. f4 e5 5. fxe5 dxe5 6. d5 Bb4 7. Bd3 Nxe4 8. Nge2 Nxc3 9. bxc3 Bc5 10. Ng3 0-0 11. Ne4 Bb6 12. Ba3 f5 13. Ng3 Nc5 14. Qe2 f4 15. Ne4 Qh4+ 16. g3 fxg3 17. 0-0-0 Bg4 18. hxg3 Bxe2 19. Rxh4 Nxd3+ 20. cxd3 Bxd1 21. Bxf8 Be2 22. Bc5 Bxd3 23. Bxb6 axb6 24. Nf2 Bf5 25. Kb2 Rd8 26. c4 c6 27. g4 Bg6 28. dxc6 bxc6 29. Kc3 Rf8 30. Rh2 Rf3+ 31. Kb2 Kf7 32. Nd1 Ke6 33. Nc3 Rg3 34. Na4 b5 35. cxb5 cxb5 36. Nc5+ Kd5 37. Nd7 Rxg4 38. Rd2+ Rd4 39. Rf2 Rc4 40. Nb6+ Kd4 41. Nxc4 Kxc4 42. Rf8 e4 43. Kc2 e3+ 44. Kd1 Bd3 45. Rf7 Kc3 46. Rxg7 Kb2 47. Rg3 e2+ 48. Ke1 Bc4 49. a3 h5 50. Rh3 Ka2 51. Kd2 h4 52. Ke1 Kb2 53. Kd2 Ka2 54. Ke1 Bb3 55. Kxe2 Kxa3 56. Kd2 Kb2 57. Rxh4 Bc4 58. Rh2 b4 59. Kd1+ Kc3 60. Kc1 b3 61. Rh3+ Bd3 62. Rxd3+ Kxd3 63. Kb2 Kc4 64. Kb1 Kc3 65. Kc1 Kb4 66. Kb2 Ka4 67. Kb1 Kb5 68. Kb2 Kc4 69. Kb1 Kc3 70. Kc1 b2+ 71. Kb1 Kb3 1/2-1/2

[Event "Titled Tuesday intern op 16th Apr Late"]
[Site "Chess.com INT"]
[Date "2024.04.16"]
[Round "2"]
[White "Kadric, Denis"]
[Black "Melikhov, Evgeny V"]
[Result "1-0"]
[WhiteElo "2558"]
[BlackElo "2172"]
[PlyCount "67"]
[EventDate "2024.04.16"]
[EventType "swiss (blitz)"]
[EventRounds "11"]
[EventCountry "USA"]
[SourceTitle "CB17_2024"]
[SourceDate "2024.04.24"]
[SourceVersion "1"]
[SourceVersionDate "2024.04.24"]
[SourceQuality "1"]

1. e4 e5 2. Nf3 Nc6 3. Bc4 Nf6 4. d3 Be7 5. 0-0 0-0 6. Nc3 d6 7. a4 a5 8. Ne2 Be6 9. Bxe6 fxe6 10. c3 Qd7 11. Ng3 Bd8 12. h3 Ne7 13. Qb3 c6 14. Ng5 d5 15. Re1 Bc7 16. Nf3 Ng6 17. Bg5 Bd6 18. d4 h6 19. Bxf6 gxf6 20. Rad1 exd4 21. exd5 exd5 22. Nxd4 Bxg3 23. fxg3 Rae8 24. Rf1 Ne5 25. Qc2 Nc4 26. Nf5 Ne3 27. Nxe3 Rxe3 28. Kh2 Qh7 29. Qd2 Qe4 30. Rf4 Qe5 31. Rdf1 Kg7 32. Qc2 Re2 33. Rg4+ Kh8 34. Qg6 1-0

[Event "Titled Tuesday intern op 16th Apr Late"]
[Site "Chess.com INT"]
[Date "2024.04.16"]
[Round "7"]
[White "Kadric, Denis"]
[Black "Moskvin, Anatoly"]
[Result "0-1"]
[WhiteElo "2558"]
[BlackElo "2192"]
[PlyCount "64"]
[EventDate "2024.04.16"]
[EventType "swiss (blitz)"]
[EventRounds "11"]
[EventCountry "USA"]
[SourceTitle "CB17_2024"]
[SourceDate "2024.04.24"]
[SourceVersion "1"]
[SourceVersionDate "2024.04.24"]
[SourceQuality "1"]

1. e4 e5 2. Nf3 Nc6 3. Bc4 Nf6 4. d3 Bc5 5. 0-0 d6 6. c3 Bb6 7. a4 a5 8. Re1 Ne7 9. d4 0-0 10. h3 Ng6 11. Bd3 h6 12. Be3 c6 13. Nbd2 Bc7 14. Bc2 Nh7 15. Nf1 Ng5 16. N3h2 Ne6 17. Ng3 Nef4 18. Ng4 Qh4 19. Nf5 Nxh3+ 20. gxh3 Qxh3 21. dxe5 Nh4 22. Nxh4 Bxg4 23. f3 Qg3+ 24. Ng2 Bxf3 25. Qd2 dxe5 26. Qf2 Qh3 27. Bc5 Rfd8 28. Bb3 b6 29. Be3 Rd6 30. Bd1 Bxe4 31. Bc1 Bxg2 32. Qxg2 Rg6 0-1

[Event "Titled Tuesday intern op 02nd Apr Late"]
[Site "Chess.com INT"]
[Date "2024.04.02"]
[Round "3"]
[White "Chyngyz, Sultai"]
[Black "Kadric, Denis"]
[Result "0-1"]
[WhiteElo "1932"]
[BlackElo "2558"]
[PlyCount "154"]
[EventDate "2024.04.02"]
[EventType "swiss (blitz)"]
[EventRounds "11"]
[EventCountry "USA"]
[SourceTitle "CB15_2024"]
[SourceDate "2024.04.10"]
[SourceVersion "1"]
[SourceVersionDate "2024.04.10"]
[SourceQuality "1"]

1. e4 d6 2. Nf3 Nf6 3. c3 Nbd7 4. d3 g6 5. Be2 Bg7 6. 0-0 0-0 7. h3 a5 8. Be3 a4 9. a3 b6 10. Nbd2 Bb7 11. Qc2 e5 12. Rfe1 Re8 13. Rad1 h6 14. Nf1 d5 15. Ng3 c5 16. d4 exd4 17. cxd4 dxe4 18. Ne5 Nxe5 19. dxe5 Nd5 20. Qc1 Qh4 21. Bb5 Rxe5 22. Bd2 e3 23. Bxe3 Nxe3 24. Rxe3 Rxe3 25. Qxe3 Bxb2 26. Rd7 Bd4 27. Qd3 Bc8 28. Rxf7 Kxf7 29. Qf3+ Qf6 30. Qd5+ Kg7 31. Ne4 Bxf2+ 32. Nxf2 Ra7 33. Bc4 Rf7 34. Ne4 Be6 35. Nxf6 Bxd5 36. Nxd5 Rb7 37. Nc3 Ra7 38. Bb5 Kf6 39. Nd5+ Ke5 40. Nxb6 Rb7 41. Nd7+ Kd4 42. Bxa4 Ra7 43. Nb6 Ra6 44. Bc2 Rxb6 45. a4 Rb2 46. Bxg6 c4 47. a5 Ra2 48. a6 Rxa6 49. Bc2 c3 50. Kh2 Ra2 51. Bb3 Rb2 52. Bd1 Ke3 53. Bc2 Rxc2 54. h4 Re2 55. h5 c2 56. Kg3 c1Q 57. Kh4 Qh1+ 58. Kg4 Qxg2+ 59. Kf5 Qg5+ 60. Ke6 Qxh5 61. Ke7 Qg6 62. Kf8 Rf2+ 63. Ke7 Rf7+ 64. Kd8 Qg7 65. Ke8 h5 66. Kd8 h4 67. Kc8 h3 68. Kb8 h2 69. Kc8 Ke4 70. Kb8 Kd5 71. Ka8 Kc6 72. Kb8 Kb6 73. Ka8 Ka6 74. Kb8 h1Q 75. Kc8 Qb7+ 76. Kd8 Rd7+ 77. Ke8 Qg8# 0-1

[Event "Titled Tuesday intern op 02nd Apr Late"]
[Site "Chess.com INT"]
[Date "2024.04.02"]
[Round "2"]
[White "Filgueiras, Nathan Felipe"]
[Black "Kadric, Denis"]
[Result "0-1"]
[WhiteElo "2285"]
[BlackElo "2558"]
[PlyCount "86"]
[EventDate "2024.04.02"]
[EventType "swiss (blitz)"]
[EventRounds "11"]
[EventCountry "USA"]
[SourceTitle "CB15_2024"]
[SourceDate "2024.04.10"]
[SourceVersion "1"]
[SourceVersionDate "2024.04.10"]
[SourceQuality "1"]

1. e4 d6 2. d4 Nf6 3. Nc3 e5 4. Nf3 Nbd7 5. Bc4 Be7 6. 0-0 0-0 7. Bb3 c6 8. Re1 b5 9. d5 Bb7 10. dxc6 Bxc6 11. Bg5 a5 12. Bxf6 Nxf6 13. Nd5 Rc8 14. c3 Nd7 15. Qd3 Nc5 16. Qd2 a4 17. Bc2 Re8 18. Rad1 Bf8 19. Qe3 Rb8 20. Nb4 Bb7 21. Rd2 h6 22. Red1 Qa5 23. a3 Qa8 24. Nd5 Qa5 25. h4 Bc8 26. Nb4 Qc7 27. Nd5 Qd8 28. g3 Bg4 29. Re1 Nd7 30. Nh2 Be6 31. Nb4 Qc8 32. Qf3 Nf6 33. Red1 Qc5 34. Nd5 Bxd5 35. exd5 e4 36. Qf4 Re5 37. Ng4 Nxd5 38. Rxd5 Rxd5 39. Re1 f5 40. Ne3 Re5 41. Bb1 g6 42. h5 g5 43. Ba2+ Kh8 0-1

[Event "Titled Tuesday intern op 02nd Apr Late"]
[Site "Chess.com INT"]
[Date "2024.04.02"]
[Round "4"]
[White "Kadric, Denis"]
[Black "Bortnyk, Olexandr"]
[Result "0-1"]
[WhiteElo "2558"]
[BlackElo "2608"]
[PlyCount "124"]
[EventDate "2024.04.02"]
[EventType "swiss (blitz)"]
[EventRounds "11"]
[EventCountry "USA"]
[SourceTitle "CB15_2024"]
[SourceDate "2024.04.10"]
[SourceVersion "1"]
[SourceVersionDate "2024.04.10"]
[SourceQuality "1"]

1. e4 Nf6 2. d3 d5 3. Nd2 Nc6 4. Ngf3 e5 5. c3 Be6 6. Be2 dxe4 7. dxe4 Bd6 8. 0-0 0-0 9. Qc2 Qe7 10. b4 a5 11. b5 Na7 12. a4 Nc8 13. Nc4 Bxc4 14. Bxc4 Nb6 15. Bb3 Bc5 16. Nh4 Ne8 17. Nf5 Qf6 18. h4 h6 19. g3 Nd6 20. Ne3 Qg6 21. Kg2 Qxe4+ 22. Qxe4 Nxe4 23. Nd5 Rad8 24. c4 Nxd5 25. cxd5 Rfe8 26. Ra2 b6 27. Rc2 Kf8 28. Re1 Nf6 29. Rd1 Rd7 30. Bb2 Bd6 31. Re2 Ree7 32. Rde1 Rd8 33. Bxe5 Bxe5 34. Rxe5 Rxe5 35. Rxe5 Nd7 36. Rf5 Nc5 37. Bc2 Re8 38. Kf1 Ke7 39. Rf4 g6 40. h5 g5 41. Rf5 f6 42. f4 Rf8 43. Kf2 Nb7 44. fxg5 fxg5 45. Rxf8 Kxf8 46. Ke3 Ke7 47. Kd4 Kf6 48. g4 Nd6 49. Bd3 Nf7 50. Be4 Ne5 51. Bf5 Nf3+ 52. Ke3 Ne5 53. Kd4 Nf7 54. Be6 Nd6 55. Bd7 Ke7 56. Be6 Nb7 57. Bf5 Kd6 58. Be4 Nc5 59. Bc2 Nd7 60. Bd3 Nf6 61. Be2 Nxd5 62. Ke4 Nc3+ 0-1

[Event "Titled Tuesday intern op 06th Feb Late"]
[Site "Chess.com INT"]
[Date "2024.02.06"]
[Round "1"]
[White "Ismayil, Malak"]
[Black "Kadric, Denis"]
[Result "0-1"]
[WhiteElo "2200"]
[BlackElo "2586"]
[PlyCount "94"]
[EventDate "2024.02.06"]
[EventType "swiss (blitz)"]
[EventRounds "11"]
[EventCountry "USA"]
[SourceTitle "CB07_2024"]
[SourceDate "2024.02.14"]
[SourceVersion "1"]
[SourceVersionDate "2024.02.14"]
[SourceQuality "1"]

1. e4 d6 2. d4 Nf6 3. Nc3 Nbd7 4. Bg5 e5 5. Nf3 Be7 6. Bc4 c6 7. 0-0 b5 8. Bd3 0-0 9. Re1 h6 10. Bh4 Bb7 11. a3 Re8 12. Bg3 Bf8 13. Qd2 a5 14. Bh4 g5 15. Bg3 Nh5 16. dxe5 dxe5 17. h4 g4 18. Nh2 Ndf6 19. Qe2 Bc8 20. Rad1 Qb6 21. Kh1 Nf4 22. Qe3 Qxe3 23. Rxe3 N6h5 24. Be2 Nxg3+ 25. fxg3 Nxe2 26. Nxe2 Be6 27. Red3 h5 28. Nf1 Bc4 29. R3d2 Bh6 30. b3 Bxd2 31. Rxd2 Be6 32. Kg1 Red8 33. Kf2 Kf8 34. Ke3 Ke7 35. Nc3 f5 36. Rf2 Rf8 37. Nd2 Rad8 38. a4 b4 39. Ne2 fxe4 40. Nxe4 Rxf2 41. Nxf2 Bf5 42. c3 c5 43. Ne4 Bxe4 44. Kxe4 c4 45. cxb4 cxb3 46. bxa5 b2 47. Nc3 Rc8 0-1

[Event "Titled Tuesday intern op 16th Jan Early"]
[Site "Chess.com INT"]
[Date "2024.01.16"]
[Round "4"]
[White "Kadric, Denis"]
[Black "Makarian, Rudik"]
[Result "0-1"]
[WhiteElo "2584"]
[BlackElo "2525"]
[PlyCount "88"]
[EventDate "2024.01.16"]
[EventType "swiss (blitz)"]
[EventRounds "11"]
[EventCountry "USA"]
[SourceTitle "CB04_2024"]
[SourceDate "2023.10.16"]
[SourceVersion "1"]
[SourceVersionDate "2023.10.16"]
[SourceQuality "1"]

1. e4 c5 2. Nc3 Nc6 3. Nge2 e6 4. d4 cxd4 5. Nxd4 Qc7 6. Be3 a6 7. f4 b5 8. Nb3 Bb7 9. Bd3 h5 10. 0-0 Nf6 11. h3 d6 12. Qe1 Nb4 13. a3 Nxd3 14. cxd3 Rc8 15. Nd4 Be7 16. Nf3 0-0 17. Ng5 Nh7 18. Nf3 Qb8 19. Nd4 Ba8 20. Qe2 Nf6 21. g4 g6 22. gxh5 Nxh5 23. f5 d5 24. Qg2 dxe4 25. fxg6 Qg3 26. gxf7+ Rxf7 27. Nxe4 Bxe4 28. dxe4 Rg7 29. Qxg3 Rxg3+ 30. Kf2 Rxh3 31. Ke2 Ng3+ 32. Kd3 Nxf1 33. Rxf1 Bg5 34. Nf3 Rd8+ 35. Ke2 Bxe3 36. Kxe3 Rf8 37. Ke2 Rg3 38. Rf2 Kg7 39. b4 Rf4 40. Ke3 e5 41. Rf1 Kf6 42. Rf2 Ke6 43. Rf1 Rg2 44. Kd3 Ra2 0-1

[Event "Titled Tuesday intern op 16th Jan Early"]
[Site "Chess.com INT"]
[Date "2024.01.16"]
[Round "6"]
[White "Kadric, Denis"]
[Black "Pranav, V."]
[Result "0-1"]
[WhiteElo "2584"]
[BlackElo "2611"]
[PlyCount "68"]
[EventDate "2024.01.16"]
[EventType "swiss (blitz)"]
[EventRounds "11"]
[EventCountry "USA"]
[SourceTitle "CB04_2024"]
[SourceDate "2023.10.16"]
[SourceVersion "1"]
[SourceVersionDate "2023.10.16"]
[SourceQuality "1"]

1. e4 e5 2. Nf3 Nc6 3. c3 g6 4. d4 Bg7 5. Be3 d6 6. Nbd2 Nf6 7. h3 0-0 8. Bd3 Nh5 9. 0-0 Bd7 10. a4 h6 11. Re1 Re8 12. a5 a6 13. Qb1 Qf6 14. d5 Ne7 15. c4 Nf4 16. Bf1 g5 17. c5 h5 18. cxd6 cxd6 19. Rc1 Rac8 20. Ne1 Bh6 21. Nc4 Bb5 22. Ra3 Qg6 23. Rac3 g4 24. hxg4 hxg4 25. g3 Bxc4 26. Rxc4 Rxc4 27. Rxc4 Nexd5 28. gxf4 exf4 29. Bd2 Nf6 30. Bd3 Qh5 31. Qd1 Nd7 32. Rd4 Ne5 33. Bf1 Re6 34. Nd3 Nf3+ 0-1

[Event "Titled Tuesday intern op 09th Jan Early"]
[Site "Chess.com INT"]
[Date "2024.01.09"]
[Round "2"]
[White "Kadric, Denis"]
[Black "Coca Cubillos, Jesus Alberto"]
[Result "1-0"]
[WhiteElo "2584"]
[BlackElo "1944"]
[PlyCount "27"]
[EventDate "2024.01.09"]
[EventType "swiss (blitz)"]
[EventRounds "11"]
[EventCountry "USA"]
[SourceTitle "CB03_2024"]
[SourceDate "2024.01.17"]
[SourceVersion "1"]
[SourceVersionDate "2024.01.17"]
[SourceQuality "1"]

1. e4 g6 2. d4 Bg7 3. Nc3 d6 4. f4 Nh6 5. Nf3 0-0 6. Be2 f6 7. Be3 e6 8. h4 Nc6 9. h5 Ng4 10. Bg1 e5 11. hxg6 hxg6 12. Bc4+ Rf7 13. dxe5 fxe5 14. Ng5 1-0

[Event "Sarajevo Agentlocator"]
[Site "Sarajevo"]
[Date "2023.12.23"]
[Round "6"]
[White "Kadric, Denis"]
[Black "Mesic, Ismet"]
[Result "1/2-1/2"]
[WhiteElo "2587"]
[BlackElo "2270"]
[PlyCount "48"]
[EventDate "2023.12.22"]
[EventType "tourn (rapid)"]
[EventRounds "11"]
[EventCountry "BIH"]
[EventCategory "6"]
[SourceTitle "CB52_2023"]
[SourceDate "2023.12.27"]
[SourceVersion "1"]
[SourceVersionDate "2023.12.27"]
[SourceQuality "1"]

1. e4 c5 2. Nc3 g6 3. f4 Bg7 4. Nf3 Nc6 5. a4 d6 6. Bb5 Bd7 7. 0-0 e6 8. f5 Nge7 9. fxe6 Bxe6 10. d4 cxd4 11. Nxd4 0-0 12. Nxe6 Qb6+ 13. Kh1 fxe6 14. Bf4 Ne5 15. a5 Qc5 16. a6 b6 17. Qe2 Rac8 18. Be3 Rxf1+ 19. Rxf1 Qb4 20. Bc1 N7c6 21. Bxc6 Rxc6 22. Nb5 Rc4 23. Nxa7 Rxe4 24. Qf2 Qc4 1/2-1/2